Guess the Survivor Castaway by Pictures Season 44-47 - Statistics

General Stats
  • This quiz has been taken 36 times
  • The average score is 53 of 71
Answer Stats
Picture Answer % Correct
Dee Valladares
96%
Sue Smey
96%
Yamil "Yam Yam" Arocho
96%
Austin Li Coon
93%
Charlie Davis
93%
Solomon “Sol” Yi
93%
Teeny Chirichillo
93%
Venus Vafa
93%
Andy Rueda
89%
Ben Katzman
89%
Bruce Perreault
89%
Emily Flippen
89%
Rachel Lamont
89%
Rome Cooney
89%
Caroline Vidmar
85%
Carolyn Wiger
85%
Kaleb Gebrewold
85%
Liz Wilcox
85%
Nicholas “Sifu” Alsup
85%
Sam Phalen
85%
Bhanu Gopal
81%
Gabe Ortis
81%
Genevieve Mushaluk
81%
Hunter McKnight
81%
Jake O’Kane
81%
Kenzie Petty
81%
Kyle “Kyle Rhen” Otswald
81%
Q Burdette
81%
Sierra Wright
81%
Tiffany Ervin
81%
Anika Dhar
78%
Brandon Donlon
78%
Jon Lovett
78%
Maria Gonzalez
78%
Terran “TK” Foster
78%
Aysha Welch
74%
Carson Garrett
74%
David “Jelinsky” Jelinsky
74%
Drew Basile
74%
Hannah Rose
74%
Jemila “Jem” Hussain-Adams
74%
Soda Thompson
74%
Tevin Davis
74%
Tim Spicer
74%
Frannie Marin
70%
Katurah Topps
70%
Kendra McQuarrie
70%
Moriah Gaynor
70%
Brandon “Brando” Meyer
67%
Jessica “Jess” Chong
67%
Julie Alley
67%
Randen Montalvo
67%
Sabiyah Broderick
67%
Heidi Lagares-Greenblatt
63%
Kellie Nalbandian
63%
Kishan Patel
63%
Matt Blankinship
63%
Danny Massa
59%
Janani “J” Krishnan-Jha
59%
Lauren Harpe
59%
Sean Edwards
59%
Tiyana Hallums
59%
Brandon Cottom
56%
Jaime Lynn Ruiz
56%
Kane Fritzler
56%
Matthew Grinstead-Mayle
56%
Josh Wilder
52%
Helen Li
48%
Maddy Pomilla
48%
Claire Rafson
44%
Sarah Wade
44%
No matching quizzes found
Score Distribution
Percent of People with Each Score
Percentile by Number Answered
Your Score History
You have not taken this quiz